<The> diplomacy of trade and investment American economic expansion in the Hemisphere

Enregistré dans:
Détails bibliographiques
Auteur principal: Pletcher, David M.
Format: Livre
Langue:anglais
Publié: Columbia University of Missouri Press 1998
Sujets:
Tags: Ajouter un tag
Pas de tags, Soyez le premier à ajouter un tag!

MARC

LEADER 00000nam a2200000 4500
001 c115447
005 20221221082036.7
020 |a 0-8262-1127-5 
041 0 |a eng 
044 |a US 
245 1 0 |a <The> diplomacy of trade and investment  |b American economic expansion in the Hemisphere  |c David M. Pletcher 
264 1 |a Columbia  |b University of Missouri Press  |c 1998 
300 |a 458 s. 
610 2 0 |a diplomacia 
610 2 0 |a obchod 
610 2 0 |a investície 
610 2 0 |a podnikanie 
610 2 0 |a podnikanie obchodné 
610 2 0 |a 1865-1900 
610 2 0 |a USA 
100 1 |a Pletcher, David M.